Isreal and the Ancient World (Record no. 20236)

MARC details
000 -LEADER
fixed length control field 00291nam a22001337a 4500
020 ## - INTERNATIONAL STANDARD BOOK NUMBER
ISBN 9
082 ## - DEWEY DECIMAL CLASSIFICATION NUMBER
Classification number 933 DAN
100 ## - MAIN ENTRY--AUTHOR NAME
Author name Daniel Rops, Henri
245 ## - TITLE STATEMENT
Title Isreal and the Ancient World
260 ## - PUBLICATION, DISTRIBUTION, ETC. (IMPRINT)
Place of publication New Yark
Name of publisher Image Books
Year of publication 1964
300 ## - PHYSICAL DESCRIPTION
Number of Pages 413
650 ## - SUBJECT ADDED ENTRY--TOPICAL TERM
Topical Term Isreal-History
942 ## - ADDED ENTRY ELEMENTS (KOHA)
Koha item type Books
Holdings
Home library Current library Date acquired Source of acquisition Full call number Accession Number Koha item type
Henry Martyn Institute Library Henry Martyn Institute Library 02/09/2017 Dr Andreas D'Souza 933 DAN 11-2654 Books
                   Copyright © 2026 | Henry Martyn Institute | Hyderabad | TS-500052 | INDIA | Implemented by hmi.edu.in
Hit-Count:

Powered by Koha